Habitar estudiantil : propuesta arquitectónica de residencias estudiantiles para la población de la Universidad de Costa Rica, Ciudad Universitaria Rodrigo Facio
Zapisane w:
| 1. autor: | |
|---|---|
| Kolejni autorzy: | |
| Format: | Książka |
| Język: | Spanish |
| Wydane: |
[San José, Costa Rica]
2020.
|
| Hasła przedmiotowe: | |
| Etykiety: |
Dodaj etykietę
Nie ma etykietki, Dołącz pierwszą etykiete!
|
MARC
| LEADER | 00000nam a2200000Ia 4500 | ||
|---|---|---|---|
| 003 | 013472 | ||
| 005 | 20230330142441.0 | ||
| 008 | 140116s2020 cr a 000 ||spa d | ||
| 040 | |c cru CEDI | ||
| 100 | |a Murillo Gómez, Alejandra, 1994- |9 267 | ||
| 245 | |a Habitar estudiantil : propuesta arquitectónica de residencias estudiantiles para la población de la Universidad de Costa Rica, Ciudad Universitaria Rodrigo Facio | ||
| 260 | |a [San José, Costa Rica] |c 2020. | ||
| 500 | |a Proyecto de graduación (licenciatura en arquitectura)--Universidad de Costa Rica. Facultad de Ingeniería. Escuela de Arquitectura | ||
| 501 | |a Director de Proyecto de Graduación: Dr. José Aquiles Villarreal Montoya | ||
| 610 | |x UNIVERSIDAD DE COSTA RICA - RESIDENCIAS ESTUDIANTILES | ||
| 650 | |x DISEÑO ARQUITECTONICO | ||
| 700 | |9 230 |a Villareal Montoya, José Aquiles, 1959- |d Director del TFG | ||
| 942 | |c CEDI |h TFG 8623 |6 TFG_8623_000000000000000 | ||
| 999 | |c 21974 |d 21974 | ||
